1773 1987 1711 1179 1779 1658 1244 1152 1367 1966 1726 1299 1644 1751 1299 1560 1973 1227 1041 1281 1820 1152 1353 1411 1487 1994 1926 1185 1831 1747 1965 1203 1854 1620 1837 1716 1840 1721 1173 1913 1508 1872 1197 1003 1995 1159 1057 1895 1793 1807 1416 1286 1391 1447 1138 1223 1265 1080 1153 1491 1835 1105 1012 1803 1516 1434 1131 1187 1727 1085 1994 1512 1405 1721 1677 1706 1862 1403 1812 1678 1814 1259 1832 1467 1080 1425 1863 1333 1530 1826 1266 1718 1342 1001 1325 1481 1792 1084 1186 BCNSPRNW ULIB Ver.6.0+V

เปลี่ยนเป็นภาษาไทย

Change to English
 แสดงรายละเอียดบรรณานุกรม
  กลับหน้าหลัก

Brief Record : Get Marc (ISO 2709) : E-mail record : QR code < ปิดหน้าต่าง
LEADER : 00000nam 2200000uu 4500
001    13399128657
003     ULIB
008    230925s||||||||th 000 0 tha d
020    ^a9786165660495
050  0 ^aPZ895.914^b.ว617ห
100 0  ^aวินทร์ เลียววาริณ.
245 1  ^aเหตุผลที่ตื่นขึ้นมาในตอนเช้า /^cวินทร์ เลียววาริณ.
260    ^aกรุงเทพฯ : ^b113,^c2565.
300    ^a239 หน้า : ^bภาพประกอบ : ^c21 ซม.
440  0 ^aรวมบทความเสริมกำลังใจ ;^vชุด 17
520    ^aaเพราะว่าเราเกิดมาแล้วในโลกนี้ เราจะเลือกใช้ชีวิตแต่ละวันอย่างไร ทุกข์หรือสุข? ในโลกมีอะไรดีกว่า ความสามารถลืมตาในตอนเช้าแล้วยิ้มได้?.
650  7 ^aความรัก.
650  7 ^aกำลังใจ.
650  7 ^aความเรียง.
945    ^p225^l0^i30018
999    ^aกัณชพร จุลอักษร
รายการนี้ยังไม่มีแท็ก
คุณยังไม่ได้ล็อกอิน คุณสามารถมีกิจกรรมร่วมกับเว็บไซต์ได้ แต่ต้องล็อกอินก่อน ::
  ล็อกอิน

รายการสื่อสารสนเทศ

ลำดับที่ ประเภท เลขเรียก/บาร์โค้ด สถานที่ สถานะ
1. วิทยาศาสตร์การแพทย์ และสุขภาพ
วิทยาศาสตร์การแพทย์ และสุขภาพ
PZ895.914 .ว617ห ฉ.1 
  Barcode: 30018
ห้องสมุดวิทยาเขตสวรรค์ประชารักษ์
►นวนิยาย
บนชั้น
  ขอยืม

รายการใกล้เคียง
    ผู้แต่ง [วินทร์ เลียววาริณ.]

    หัวเรื่อง [ความรัก.]
    หัวเรื่อง [กำลังใจ.]
    หัวเรื่อง [ความเรียง.]

BibComment


ยังไม่เคยถูกคอมเมนท์

คอมเมนท์ทรัพยากรรายการนี้
  คอมเมนท์: เหตุผลที่ตื่นขึ้..


 Copyright 2026. Bcnsprnw @Library